| 000 | 01087nam a2200301 i 4500 | ||
|---|---|---|---|
| 001 | 000025524 | ||
| 003 | DO-SdBNP | ||
| 005 | 20241003141226.0 | ||
| 007 | ta | ||
| 008 | 110217s1983 dr r 000 0 spa d | ||
| 040 |
_aDO-SdBNP _bspa _cBNPHU _erda |
||
| 041 | _aspa | ||
| 082 | 4 |
_a972.9304 _bL864m _222 |
|
| 100 | 1 |
_aLópez Morillo, Adriano _eautor _4aut. _952175 |
|
| 245 | 1 | 0 |
_aMemorias sobre la segunda reincorporación de Santo Domingo a España / _cAdriano López Morillo. |
| 264 | 1 |
_aSanto Domingo : _bSociedad Dominicana de Bibliófilos, _c1983. |
|
| 300 |
_a3 volumenes : _bilustraciones ; _c25 cm. |
||
| 336 |
_atexto _btxt _2rdacontent |
||
| 337 |
_asin mediación _bn _2rdamedia |
||
| 338 |
_avolumen _bnc _2rdacarrier |
||
| 490 | 0 |
_aCultura dominicana ; _v50 |
|
| 500 | _aIncluye referencias bibliográficas y notas al pie de las páginas | ||
| 504 | _aBibliografía : v. 3, p. [319]-329. | ||
| 590 | _aInventariado, 2024/MFF | ||
| 651 | 4 |
_aRepública Dominicana _xHistoria _y1844-1930. _91009 _2LEMB |
|
| 910 | _aValidado. Control de calidad MFF | ||
| 942 |
_2ddc _cLBS1 |
||
| 999 |
_c25016 _d25016 |
||